| 000 | 00990nam a22003257a 4500 | ||
|---|---|---|---|
| 001 | 0003379 | ||
| 003 | KOHA_MİRAKIL | ||
| 005 | 20260207001335.0 | ||
| 007 | ta | ||
| 008 | 100224b1993 tu |||gr||||#0|||1|tur | | ||
| 020 | _a9757337129 | ||
| 040 |
_aTR-BiSEU _btur _cTR-BiSEU _erda |
||
| 041 | 0 | _atur | |
| 044 | _ctu | ||
| 050 |
_aPE1112 _b.C56 1993 |
||
| 100 | 1 | _aCimbay, İbrahim. | |
| 245 | 1 |
_aTürkler için İngilizce gramer/ _cİbrahim Cimbay ; İbrahim Cimbay. |
|
| 264 | 1 |
_aİstanbul : _bTürkmen Kitabevi _c1993 |
|
| 300 | _a374 sayfa | ||
| 336 |
_ametin _btxt _2rdacontent |
||
| 337 |
_aaracısız _bn _2rdamedia |
||
| 338 |
_acilt _bnc _2rdacarrier |
||
| 500 | _aMetin Türkçe ve İngilizce | ||
| 650 | 0 |
_aİngiliz dili--Dilbilgisi. _93397 |
|
| 650 | 0 |
_aİngiliz dili--Ders kitapları yabancılar için. _98388 |
|
| 650 | 0 |
_aEnglish language--Grammar. _93478 |
|
| 650 | 0 |
_aEnglish language--Text-books for foreigners. _98389 |
|
| 907 | _aDil | ||
| 942 |
_2lcc _cBK |
||
| 999 |
_c3363 _d3363 |
||